000
00241nam a2200097Ia 4500
082
_a
EF BROW
245
0
_a
Hello, darkness
100
_a
BROWN, Sandra London, 2003
_9
55187
942
_c
BK
008
210817s9999 xx 000 0 und d
999
_c
173767
_d
173765